Statistiques concernant Cliquez sur le drapeau

Cliquez ici pour prendre le quiz!

Statistiques générales

  • Ce quiz a été pris 73 fois
  • Le résultat moyen est 25 sur 196

Statistiques - réponses

HintRéponse% Correct
Brésil🇧🇷
45%
Belgique🇧🇪
41%
Grèce🇬🇷
41%
Japon🇯🇵
38%
Espagne🇪🇸
38%
Canada🇨🇦
34%
Finlande🇫🇮
34%
Tunisie🇹🇳
34%
Allemagne🇩🇪
31%
Maroc🇲🇦
28%
États-Unis🇺🇸
28%
Algérie🇩🇿
28%
Ukraine🇺🇦
28%
Argentine🇦🇷
28%
Chypre🇨🇾
28%
Pays-bas🇳🇱
28%
Pakistan🇵🇰
24%
Nouvelle-zélande🇳🇿
24%
Italie🇮🇹
24%
Royaume-Uni🇬🇧
24%
Luxembourg🇱🇺
24%
Israel🇮🇱
24%
Corée du sud🇰🇷
24%
Bahrein🇧🇭
24%
Inde🇮🇳
24%
Autriche🇦🇹
24%
Danemark🇩🇰
24%
Géorgie🇬🇪
24%
France🇫🇷
24%
Jamaïque🇯🇲
21%
Islande🇮🇸
21%
Chine🇨🇳
21%
Irlande🇮🇪
21%
Zimbabwe🇿🇼
21%
Azerbaïdjan🇦🇿
21%
Macédoine du Nord🇲🇰
21%
Norvège🇳🇴
21%
Albanie🇦🇱
21%
Andorre🇦🇩
21%
Bhoutan🇧🇹
21%
Turquie🇹🇷
21%
Arménie🇦🇲
21%
Slovaquie🇸🇰
21%
Afrique du sud🇿🇦
17%
Suisse🇨🇭
17%
Seychelles🇸🇨
17%
Suède🇸🇪
17%
Lesotho🇱🇸
17%
Sénégal🇸🇳
17%
Russie🇷🇺
17%
Qatar🇶🇦
17%
Portugal🇵🇹
17%
Estonie🇪🇪
17%
Afganistan🇦🇫
17%
Côte d'ivoire🇨🇮
17%
Australie🇦🇺
17%
Costa rica🇨🇷
17%
Burkina Faso🇧🇫
17%
Cuba🇨🇺
17%
Bulgarie🇧🇬
17%
Équateur🇪🇨
17%
Bahamas🇧🇸
17%
Égypte🇪🇬
17%
Biélorussie🇧🇾
17%
Sri Lanka🇱🇰
14%
Antigua-et-Barbuda🇦🇬
14%
Laos🇱🇦
14%
Cap-vert🇨🇻
14%
Mali🇲🇱
14%
Mexique🇲🇽
14%
Namibie🇳🇦
14%
Thaïlande🇹🇭
14%
Népal🇳🇵
14%
Nicaragua🇳🇮
14%
Iran🇮🇷
14%
Roumanie🇷🇴
14%
République tchèque🇨🇿
14%
Oman🇴🇲
14%
Bosnie-Herzégovine🇧🇦
14%
Nigeria🇳🇬
14%
Barbade🇧🇧
14%
Guinée🇬🇳
14%
Vatican🇻🇦
14%
Émirats arabes unis🇦🇪
14%
Irak🇮🇶
10%
Moldavie🇲🇩
10%
Trinité-et-Tobago🇹🇹
10%
Sierra Leone🇸🇱
10%
Zambie🇿🇲
10%
Fidji🇫🇯
10%
République dominicaine🇩🇴
10%
Uruguay🇺🇾
10%
Viêt Nam🇻🇳
10%
Mozambique🇲🇿
10%
Birmanie🇲🇲
10%
Mongolie🇲🇳
10%
Guinée-Bissau🇬🇼
10%
Pologne🇵🇱
10%
Tchad🇹🇩
10%
Philippines🇵🇭
10%
Brunéi🇧🇳
10%
Venezuela🇻🇪
10%
Syrie🇸🇾
10%
Palaos🇵🇼
10%
Arabie saoudite🇸🇦
10%
Burundi🇧🇮
10%
Saint-Vincent-et-les-Grenadines🇻🇨
10%
Corée du nord🇰🇵
10%
Colombie🇨🇴
10%
Jordanie🇯🇴
10%
Kazakhstan🇰🇿
10%
Kenya🇰🇪
10%
Bangladesh🇧🇩
10%
Turkménistan🇹🇲
10%
Kosovo🇽🇰
10%
Panama🇵🇦
10%
Île Maurice🇲🇺
10%
Hongrie🇭🇺
10%
Saint-Marin🇸🇲
10%
Cameroun🇨🇲
10%
Lituanie🇱🇹
10%
Somalie🇸🇴
7%
République du Congo🇨🇬
7%
Saint-Christophe-et-Niévès🇰🇳
7%
Eswatini🇸🇿
7%
Sao Tomé-et-Principe🇸🇹
7%
Bénin🇧🇯
7%
Suriname🇸🇷
7%
Singapour🇸🇬
7%
Serbie🇷🇸
7%
Papouasie-Nouvelle-Guinée🇵🇬
7%
Bolivie🇧🇴
7%
Nauru🇳🇷
7%
Maldives🇲🇻
7%
Haïti🇭🇹
7%
Îles Marshall🇲🇭
7%
Lettonie🇱🇻
7%
Liberia🇱🇷
7%
Libye🇱🇾
7%
Liechtenstein🇱🇮
7%
Madagascar🇲🇬
7%
Chili🇨🇱
7%
Togo🇹🇬
7%
Mauritanie🇲🇷
7%
Kiribati🇰🇮
7%
Comores🇰🇲
7%
Timor oriental🇹🇱
7%
Monaco🇲🇨
7%
Croatie🇭🇷
7%
Tuvalu🇹🇻
7%
Grenade🇬🇩
7%
Ghana🇬🇭
7%
Djibouti🇩🇯
7%
Ouganda🇺🇬
7%
Kirghizistan🇰🇬
7%
Tadjiksitan🇹🇯
3%
Slovénie🇸🇮
3%
Soudan🇸🇩
3%
Taïwan🇹🇼
3%
Yémen🇾🇪
3%
Vanuatu🇻🇺
3%
Angola🇦🇴
3%
Érythrée🇪🇷
3%
Belize🇧🇿
3%
Monténégro🇲🇪
3%
Gabon🇬🇦
3%
Gambie🇬🇲
3%
Guatemala🇬🇹
3%
Honduras🇭🇳
3%
Koweït🇰🇼
3%
Cambodge🇰🇭
3%
Malaisie🇲🇾
3%
Malawi🇲🇼
3%
Malte🇲🇹
3%
Samoa🇼🇸
3%
Liban🇱🇧
3%
Botswana🇧🇼
3%
Salvador🇸🇻
3%
Salomon🇸🇧
3%
République Centrafricaine🇨🇫
3%
Sainte-Lucie🇱🇨
3%
Rwanda🇷🇼
3%
Tanzanie🇹🇿
0%
Guyana🇬🇾
0%
Éthiopie🇪🇹
0%
Dominique🇩🇲
0%
Guinée équatoriale🇬🇶
0%
Indonésie🇮🇩
0%
Soudan du Sud🇸🇸
0%
Niger🇳🇪
0%
République démocratique du Congo🇨🇩
0%
Pérou🇵🇪
0%
Tonga🇹🇴
0%
Paraguay🇵🇾
0%
Ouzbékistan🇺🇿
0%
Micronésie🇫🇲
0%

Distribution des résultats

Percentile par nombre de réponses

% des personnes avec chaque résultat

Votre développement - résultats

Vous n’avez pas pris ce quiz